Responses for show #8304 - Thursday, December 17, 2020

Brayden Smith game 3.

Contestants

[<< previous game]

Teja Chemudupati, a clinical researcher from San Jose, California

Pamela Lee, a lawyer from Mountain View, California

Brayden Smith, a policy intern from Las Vegas, Nevada (whose 2-day cash winnings total $66,000)

[next game >>]

Jeopardy! Round responses

STREAMING SERVICE
PRIME
(Alex: Each correct response will be a prime number.)
NET FLICKS
AUTHORS & THEIR PETS
COMMON BONDS
THAT WORD WAS A TRADEMARK
    $200 23
Colorado

Teja
    $200 28
3

Teja
    $200 29
Space Jam

Brayden
    $200 26
(Maurice) Sendak

Brayden
    $200 30
things that are red

Teja
    $200 5
Decaf

Brayden
    $400 22
hydroelectric

Teja
    $400 12
23

Brayden
    $400 24
Luke Wilson

Brayden
    $400 25
a peacock

Brayden
    $400 27
parts of a motorcycle

Brayden
    $400 21
Herbicide

Triple Stumper
    $600 9
the Rio Grande

Brayden
    $600 19
(Pamela: Um... what is 40?)

409

Pamela
Triple Stumper
    $600 18
Will Ferrell

Brayden
    $600 15
Stanford

Brayden
    $600 2
types of angles

Brayden
    $600 20
a Jungle Gym

Brayden
    $800 8
(Teja: What is Lake Victoria?)

Victoria Falls

Teja
Triple Stumper
    $800 7
13

Teja
    $800 17
Pelé

Brayden
    $800 1
Animal Farm

Pamela
    $800 10
a diet

Teja
    $800 4
Adrenaline

Teja
    $1000 11
(Alex: And the big province--and I just heard it, [*]. You should have rung in, Brayden.)

Quebec

Triple Stumper
    $1000 14
11

Brayden
    $1000 16
McEnroe

Brayden
    $1,000 3
(Alex: [Prior to the wager] You are uncanny in your ability to find the Daily Doubles.)
(Brayden: Getting lucky.)

John Steinbeck

Brayden
    $1000 6
things that have wheels

Triple Stumper
    $1000 13
a Roach Motel

Triple Stumper

Scores at the first commercial break (after clue 14):

Brayden Pamela Teja
$3,800 $800 $1,600

Scores at the end of the Jeopardy! Round:

Brayden Pamela Teja
$9,000 $200 $2,600

Double Jeopardy! Round responses

FIRST WORDS
COPPING A "TUDE"
MAN ABOUT TOWN
1800s AMERICA
ARCHAEOLOGISTS
AUDIO DRAMAS
    $400 27
black

Brayden
    $400 22
latitude & longitude

Pamela
    $400 30
Seattle

Teja
    $400 25
(Alex: Less than a minute.)

the Emancipation Proclamation

Brayden
    $400 29
Egypt

Teja
    $400 23
The War of the Worlds

Brayden
    $800 26
solemnly swear

Teja
    $800 21
multitudes

Brayden
    $800 28
The New York Post

Brayden
    $800 24
Stockings

Brayden
    $800 5
Jericho

Brayden
    $800 19
Douglas Adams

Brayden
    $1200 2
Solomon

Brayden
    $1200 1
aptitude

Teja
    $1200 13
San Francisco

Triple Stumper
    $3,000 6
the B&O Railroad (Baltimore & Ohio)

Brayden
    $4,400 17
(Alex: I don't think you've missed any of the Daily Doubles you've uncovered and you've uncovered all of them in the games in which you've competed.)

Stonehenge

Brayden
    $1200 18
The Shadow

Brayden
    $1600 10
Nelson Mandela

Brayden
    $1600 14
certitude

Brayden
    $1600 12
(Mitch) Albom

Teja
    $1600 4
William Henry Harrison

Pamela
    $1600 16
Peru

Brayden
    $1600 7
Dylan Thomas

Brayden
    $2000 9
(Brayden: What is The Crying of Lot 49?)

Gravity's Rainbow

Brayden
Triple Stumper
    $2000 20
verisimilitude

Brayden
    $2000 11
Carl Hiaasen

Brayden
    $2000 3
the Haymarket Riot

Brayden
    $2000 15
the Hanging Gardens of Babylon

Brayden
    $2000 8
Night Vale

Triple Stumper

Scores at the end of the Double Jeopardy! Round:

Brayden Pamela Teja
$36,400 $2,200 $7,000
(lock game)

[wagering suggestions for these scores]

Final Jeopardy! Round responses

PLAY CHARACTERS
(Alex: We're talking about my visages's center [Touches nose] ornament.)
...
(Alex: [*]. You make fun of my nose, you taste my [Mimes swordfighting] steel.)
PamelaWho is Zorro?
$2,195
TejaWho is Laertes?
$2,500
BraydenWho is the Man of La Mancha?
$8,600
Cyrano de Bergerac

Final scores:

Brayden Pamela Teja
$27,800 $5 $4,500
3-day champion: $93,800 3rd place: $1,000 2nd place: $2,000

Game dynamics:

Coryat scores:

Brayden Pamela Teja
$31,400 $2,200 $7,000
36 R
(including 3 DDs),
1 W
3 R,
1 W
12 R,
1 W

Combined Coryat: $40,600

The J! Archive is created by fans, for fans. The Jeopardy! game show and all elements thereof, including but not limited to copyright and trademark thereto, are the property of Jeopardy Productions, Inc. and are protected under law. This website is not affiliated with, sponsored by, or operated by Jeopardy Productions, Inc. Join the discussion at JBoard.tv.